00732 a2200169 4500003000500000005001700005010001300022040000900035082001200044100002900056245009000085260004700175300004000222505023900262600002900501650003200530Nust20230301155733.0 a37009922 cNust a330,BON aBonavia, Michael Robert. aThe Economics of transport /cMichael R. Bonaviahwith an introduction by J.M. Keynes aNisbet & Co. LtdbLondoncetc., etc., 1936 a2 p. l., vii-x, 202 pbdiagrc20 cm aThe Function Of Transport (Page-1), The Means Of Transport (Page-14), The Organization Of Transport (Page-42), Competition In Transport (Page-79), Monopoly In Transport (Page-112), The Control And Coordination Of Transport (Page-158). aBonavia, Michael Robert. aThe Economics of transport,